000 00753nam a2200241 i 4500
001 bgj
100 1 _aMcDOWALL, David
245 1 0 _aBritain in close-up :
_b[an in-depth study of the changing face of contemporary Britain] /
_cDavid McDowall.
250 _a[5th impr.].
260 _aSingapore :
_bLongman,
_c1996.
300 _a208 pp :
_bfig., maps, phot. colour ;
_c26 cm.
500 _a1st publ. 1993.
505 _aIncl. index and glossary.
650 9 _aReaders
_zGreat Britain
651 9 _aGreat Britain
_xSocial life and culture
655 _aProblems, excercises, etc.
020 _a0582064619 (pbk)
040 _cBPK
041 0 _aeng
920 _a0-582-06461-9 (pbk)
942 _cKS
008 s uk f |000 0 eng
999 _c50122
_d50122
856 _uhttp://koha.tu.koszalin.pl/cgi-bin/koha/opac-detail.pl?biblionumber=50122
_yKatalog online BPK